000 01111cam a2200313 i 4500
001 25211
003 Mx-PuUPA
005 20250721133314.0
008 140415s1996 mx a gr 000 0 spa d
020 _a9709154168
040 _aMx-PuUPA
_bspa
_cMx-PuUPA
_dMx-PuUPA
_erda
041 0 _aspa
043 _2mx-mxbn
_bn-mx-pu
100 1 _9262
_aSánchez Flores, Ramón,
_d1938-
_eautor
245 1 3 _aLa Virgen de la patria :
_bleyenda, tradición e historia de la Guadalupana del Tepeyac /
_cRamón Sánchez Flores
250 _aPrimera edición
264 1 _aSan Andrés Cholula, Puebla, México :
_bImagen Pública y Corporativa,
_c1996
300 _a109 páinas :
_bilustraciones ;
_c21 cm
336 _2rdacontent
_atexto
_btxt
337 _2rdamedia
_asin medio
_bn
338 _2rdacarrier
_avolumen
_bnc
600 0 4 _aNuestra Señora de Guadalupe
600 0 4 _aNuestra Señora de Guadalupe,
_zMéxico
_xHistoria
651 4 _aMéxico
_xVida religiosa y costumbres
942 _2ddc
_cLI
_h232.917097253
_iS54
999 _c25211
_d25211